bharatiya sangit ke vikas hetu prashasan tantra ki bhumika (Record no. 3539)

MARC details
000 -LEADER
fixed length control field 00490nam a2200169Ia 4500
008 - FIXED-LENGTH DATA ELEMENTS--GENERAL INFORMATION
fixed length control field 230917s9999||||xx |||||||||||||| ||und||
020 ## - ISBN
Price RS 1450.00
040 ## - CATALOGING SOURCE
-- 5001531
Original cataloging agency VIVEKANANDA LIBRARY
041 ## - Language
-- English
082 ## - DDC NUMBER
Classification number 780.954 S23B
100 ## - MAIN ENTRY--PERSONAL NAME
Personal name Sharma, Sangeeta
245 #0 - TITLE STATEMENT
Title bharatiya sangit ke vikas hetu prashasan tantra ki bhumika
260 ## - PUBLICATION, DISTRIBUTION, ETC. (IMPRINT)
Place of publication, distribution, etc New Delhi
Name of publisher, distributor, etc Sanjay Prakashan
Date of publication, distribution, etc 2021
300 ## - PHYSICAL DESCRIPTION
Pages xiv, 464 p.
500 ## - GENERAL NOTE
General note 4180 14/12/2021 SANJAY22/8328 17/12/2021 Main Budget
942 ## - ADDED ENTRY ELEMENTS (KOHA)
Koha item type Books
Holdings
Withdrawn status Lost status Damaged status Not for loan Location (home branch) Sublocation or collection (holding branch) Date acquired Koha issues (times borrowed) Koha full call number Accession No. Koha date last seen Koha item type
        VIVEKANANDA LIBRARY VIVEKANANDA LIBRARY 28/01/2022   780.954 S23B 398500 17/09/2023 Books
        VIVEKANANDA LIBRARY VIVEKANANDA LIBRARY 28/01/2022   780.954 S23B 398501 17/09/2023 Books
        VIVEKANANDA LIBRARY VIVEKANANDA LIBRARY 28/01/2022   780.954 S23B 398502 17/09/2023 Books
        VIVEKANANDA LIBRARY VIVEKANANDA LIBRARY 28/01/2022   780.954 S23B 398503 17/09/2023 Books
© Designed and Maintained by Vivekananda Library, MDU Rohtak